Short introduction to the history of Southeast Asia. (Record no. 422)
[ view plain ]
| 000 -LEADER | |
|---|---|
| fixed length control field | 00502cam a2200181ua 4500 |
| 008 - FIXED-LENGTH DATA ELEMENTS--GENERAL INFORMATION | |
| fixed length control field | 110406n ii |||gr||||Z||||||eng |
| 040 ## - CATALOGING SOURCE | |
| Transcribing agency | MAIN |
| 082 ## - DEWEY DECIMAL CLASSIFICATION NUMBER | |
| Classification number | 327.54 |
| 245 ## - TITLE STATEMENT | |
| Title | Short introduction to the history of Southeast Asia. |
| Statement of responsibility, etc. | By Richard Allen. |
| 250 ## - EDITION STATEMENT | |
| Edition statement | 1st. |
| 260 ## - PUBLICATION, DISTRIBUTION, ETC. | |
| Place of publication, distribution, etc. | London.: |
| Name of publisher, distributor, etc. | Oxford university press.,970. |
| 300 ## - PHYSICAL DESCRIPTION | |
| Extent | x, 306 p.:5 cm. |
| 700 1# - ADDED ENTRY--PERSONAL NAME | |
| Personal name | Allen, Richard., |
| 942 ## - ADDED ENTRY ELEMENTS (KOHA) | |
| Koha item type | Books |
| 653 ## - INDEX TERM--UNCONTROLLED | |
| Uncontrolled term | Political science. |
| 653 ## - INDEX TERM--UNCONTROLLED | |
| Uncontrolled term | History of politics in Southjeast Asia. |
| Withdrawn status | Lost status | Damaged status | Not for loan | Home library | Current library | Shelving location | Date acquired | Total Checkouts | Full call number | Barcode | Date last seen | Copy number | Price effective from | Koha item type |
|---|---|---|---|---|---|---|---|---|---|---|---|---|---|---|
| Central Library, Naharkatiya College | Central Library, Naharkatiya College | 19/09/2020 | 327.54 | ALL | 96 | 19/09/2020 | 1 | 19/09/2020 | Books |
